Sociology a global perspective (Record no. 178073)

MARC details
000 -LEADER
fixed length control field 00332nam a22001457a 4500
003 - CONTROL NUMBER IDENTIFIER
control field OSt
020 ## - INTERNATIONAL STANDARD BOOK NUMBER
International Standard Book Number 9781111835361
082 ## - DEWEY DECIMAL CLASSIFICATION NUMBER
Classification number 301
Item number 15648
100 ## - MAIN ENTRY--PERSONAL NAME
Personal name Ferrante Joan
245 ## - TITLE STATEMENT
Title Sociology a global perspective
250 ## - EDITION STATEMENT
Edition statement 8
260 ## - PUBLICATION, DISTRIBUTION, ETC. (IMPRINT)
Place of publication, distribution, etc. Australia
Name of publisher, distributor, etc. wadsworth cengage learning
Date of publication, distribution, etc. 2013
300 ## - PHYSICAL DESCRIPTION
Extent 500p.
942 ## - ADDED ENTRY ELEMENTS (KOHA)
Source of classification or shelving scheme Dewey Decimal Classification
Koha item type Reference Book
Holdings
Withdrawn status Lost status Source of classification or shelving scheme Damaged status Not for loan Collection code Home library Current library Shelving location Date acquired Cost, normal purchase price Total Checkouts Full call number Barcode Date last seen Price effective from Koha item type
    Dewey Decimal Classification     English Fiction College of Co-operation, Banking & Management Library, Vellanikkara College of Co-operation, Banking & Management Library, Vellanikkara   20/11/2017 3231.90   301 15648 KAU_CCBM-15648 20/11/2017 20/11/2017 Reference Book
Kerala Agricultural University Central Library
Thrissur-(Dt.), Kerala Pin:- 680656, India
Ph : (+91)(487) 2372219
E-mail: librarian@kau.in
Website: http://library.kau.in/